ALL Cities in South Carolina - Statistics

General Stats
  • This quiz has been taken 74 times
  • The average score is 60 of 270
Answer Stats
Hint Answer % Correct
C Charleston
74%
C Columbia
74%
M Myrtle Beach
74%
A Aiken
71%
G Greenville
71%
S Spartanburg
71%
N North
68%
A Anderson
63%
S Summerville
63%
A Abbeville
61%
B Beaufort
61%
F Florence
61%
N North Charleston
58%
S Sumter
58%
C Camden
55%
C Conway
55%
D Darlington
55%
L Lexington
55%
R Rock Hill
55%
C Clemson
53%
D Dillon
53%
S St. George
53%
A Allendale
50%
L Lancaster
50%
M Mauldin
50%
N Newberry
50%
N North Myrtle Beach
50%
C Chester
47%
F Fort Mill
47%
W West Columbia
47%
E Edgefield
45%
G Greenwood
45%
G Greer
45%
I Irmo
45%
L Laurens
45%
N North Augusta
45%
O Orangeburg
45%
Y York
45%
A Aynor
42%
B Bamberg
42%
B Barnwell
42%
H Hilton Head Island
42%
M Marion
42%
M McCormick
42%
M Moncks Corner
42%
P Pickens
42%
C Cheraw
39%
C Chesterfield
39%
D Denmark
39%
G Gaffney
39%
G Georgetown
39%
H Hartsville
39%
S Simpsonville
39%
U Union
39%
C Clinton
37%
E Easley
37%
K Kershaw
37%
K Kingstree
37%
L Lake City
37%
W Walterboro
37%
B Batesburg-Leesville
34%
B Bluffton
34%
B Blythewood
34%
C Cayce
34%
E Elgin
34%
H Hampton
34%
P Pageland
34%
B Bennettsville
32%
B Bishopville
32%
C Cowpens
32%
J Jackson
32%
S Saluda
32%
S St. Matthews
32%
W Walhalla
32%
W Williams
32%
G Goose Creek
29%
N Ninety Six
29%
W Winnsboro
29%
B Blacksburg
26%
F Fairfax
26%
F Folly Beach
26%
H Hollywood
26%
I Inman
26%
L Loris
26%
S Santee
26%
S Seneca
26%
S Surfside Beach
26%
C Central
24%
C Chapin
24%
C Clover
24%
F Fountain Inn
24%
I Isle of Palms
24%
M Manning
24%
O Olar
24%
Q Quinby
24%
T Travelers Rest
24%
Y Yemassee
24%
A Andrews
21%
B Belton
21%
C Calhoun Falls
21%
D Due West
21%
D Duncan
21%
H Hardeeville
21%
H Holly Hill
21%
J Jefferson
21%
P Pawleys Island
21%
R Ridgeland
21%
T Tega Cay
21%
T Timmonsville
21%
W Ware Shoals
21%
B Blackville
18%
C Chesnee
18%
F Forest Acres
18%
G Great Falls
18%
H Honea Path
18%
J James Island
18%
J Johnsonville
18%
J Johnston
18%
L Latta
18%
M Mullins
18%
R Ridgeway
18%
R Ruby
18%
S Summerton
18%
W Whitmire
18%
A Awendaw
16%
E Edisto Beach
16%
E Ehrhardt
16%
F Fort Lawn
16%
G Gaston
16%
H Hanahan
16%
H Hemingway
16%
I Iva
16%
L Landrum
16%
L Lyman
16%
M Mount Pleasent
16%
N Norway
16%
P Pelion
16%
P Pendleton
16%
P Port Royal
16%
P Prosperity
16%
R Richburg
16%
S Society Hill
16%
S Swansea
16%
T Trenton
16%
V Vance
16%
W Wagener
16%
W Waterloo
16%
W Williamston
16%
W Woodruff
16%
D Donalds
13%
E Eastover
13%
E Elloree
13%
E Eutawville
13%
G Gilbert
13%
G Greeleyville
13%
J Jonesville
13%
L Liberty
13%
L Lowrys
13%
L Lynchburg
13%
M McColl
13%
N Nichols
13%
O Olanta
13%
P Pacolet
13%
P Pamplico
13%
P Pinewood
13%
R Ravenel
13%
R Reidville
13%
S Salley
13%
S Sullivan's Island
13%
T Turbeville
13%
A Arcadia Lakes
11%
A Atlantic Beach
11%
B Blenheim
11%
B Branchville
11%
C Campobello
11%
C Cope
11%
C Coward
11%
F Furman
11%
G Gray Court
11%
H Heath Springs
11%
H Hodges
11%
J Jenkinsville
11%
L Lamar
11%
L Lane
11%
L Luray
11%
M McBee
11%
M McClellanville
11%
N New Ellenton
11%
P Peak
11%
R Ridge Spring
11%
R Ridgeville
11%
S Sellers
11%
S Six Mile
11%
S Springdale
11%
S Springfield
11%
U Ulmer
11%
W Ward
11%
W Wellford
11%
W Westminster
11%
W West Union
11%
W Williston
11%
W Woodford
11%
B Bethune
8%
B Bonneau
8%
B Bowman
8%
C Cameron
8%
C Clio
8%
C Cordova
8%
C Cottageville
8%
C Cross Hill
8%
E Estill
8%
H Harleyville
8%
K Kiawah Island
8%
L Little Mountain
8%
M Mayesville
8%
M McConnells
8%
M Meggett
8%
M Monetta
8%
M Mount Croghan
8%
P Patrick
8%
P Paxville
8%
P Perry
8%
P Pomaria
8%
S Scranton
8%
S Sharon
8%
S Silverstreet
8%
S Smoaks
8%
S South Congaree
8%
S St. Stephen
8%
T Tatum
8%
V Varnville
8%
W Windsor
8%
B Briarcliffe Acres
5%
B Brunson
5%
B Burnettown
5%
C Carlisle
5%
E Elko
5%
G Gifford
5%
H Hickory Grove
5%
H Hilda
5%
K Kline
5%
L Livingston
5%
L Lockhart
5%
L Lodge
5%
L Lowndesville
5%
N Neeses
5%
P Parksville
5%
P Pelzer
5%
P Plum Branch
5%
R Reevesville
5%
R Rockville
5%
R Rowesville
5%
S Salem
5%
S Scotia
5%
S Seabrook Island
5%
S Smyrna
5%
S Snelling
5%
S Starr
5%
S Stuckey
5%
S Sycamore
5%
W West Pelzer
5%
C Central Pacolet
3%
G Govan
3%
J Jamestown
3%
L Lincolnville
3%
N Norris
3%
P Pine Ridge
3%
S Summit
3%
T Troy
3%
L Lake View
0%
No matching quizzes found
Score Distribution
Percent of People with Each Score
Percentile by Number Answered
Your Score History
You have not taken this quiz